Antimicrobials in foods / (Record no. 159885)

MARC details
000 -LEADER
fixed length control field 00816nam a2200265 4500
008 - FIXED-LENGTH DATA ELEMENTS--GENERAL INFORMATION
fixed length control field
020 ## - INTERNATIONAL STANDARD BOOK NUMBER
International Standard Book Number 0824789067 (hbk.)
049 ## - LOCAL HOLDINGS (OCLC)
Holding library MAIN
090 01 - LOCALLY ASSIGNED LC-TYPE CALL NUMBER (OCLC); LOCAL CALL NUMBER (RLIN)
Classification number (OCLC) (R) ; Classification number, CALL (RLIN) (NR) TX553.A3
003 - CONTROL NUMBER IDENTIFIER
control field
005 - DATE AND TIME OF LATEST TRANSACTION
control field 20230123134105.0
040 ## - CATALOGING SOURCE
Transcribing agency NUST
245 00 - TITLE STATEMENT
Title Antimicrobials in foods /
Statement of responsibility, etc. edited by Alfred Larry Branen, P. Michael Davidson.
260 ## - PUBLICATION, DISTRIBUTION, ETC.
Place of publication, distribution, etc. New York :
Name of publisher, distributor, etc. Marcel Dekker,
Date of publication, distribution, etc. c1983.
300 ## - PHYSICAL DESCRIPTION
Extent viii, 465 p. :
Other physical details ill. ;
Dimensions 24 cm.
440 ## - SERIES STATEMENT/ADDED ENTRY--TITLE
Title Food science and technology ;
Volume/sequential designation 10.
504 ## - BIBLIOGRAPHY, ETC. NOTE
Bibliography, etc. note Includes bibliographical references.
500 ## - GENERAL NOTE
General note Includes index.
650 #0 - SUBJECT ADDED ENTRY--TOPICAL TERM
Topical term or geographic name entry element Food additives.
650 #0 - SUBJECT ADDED ENTRY--TOPICAL TERM
Topical term or geographic name entry element Anti-infective agents.
700 1# - ADDED ENTRY--PERSONAL NAME
Personal name Branen, Alfred Larry.
700 1# - ADDED ENTRY--PERSONAL NAME
Personal name Davidson, P. Michael.
907 ## - LOCAL DATA ELEMENT G, LDG (RLIN)
a .b10174886
b 12-10-05
c 08-09-05
942 ## - ADDED ENTRY ELEMENTS (KOHA)
Koha item type Ordinary Loan Books
Call number prefix TX553.A3
Holdings
Date last seen Total Checkouts Full call number Barcode Cost, replacement price Price effective from Koha item type Lost status Source of classification or shelving scheme Damaged status Not for loan Collection Withdrawn status Home library Current library Shelving location Date acquired Cost, normal purchase price
01/23/2023 12 TX553.A3 ANT 92003019379 80.00 01/23/2023 BOOKS   LCC     NFIC   MAIN MAIN GEN 01/23/2023 80.00